The charkha and the rose (Record no. 29585)

MARC details
000 -LEADER
fixed length control field 00866nam a2200217 a 4500
005 - DATE AND TIME OF LATEST TRANSACTION
control field 20090825144421.0
008 - FIXED-LENGTH DATA ELEMENTS--GENERAL INFORMATION
fixed length control field 850322s1983 ii b 001 0 eng
010 ## - LCCN (DPL NO)
LC control number ENG-94879
020 ## - INTERNATIONAL STANDARD BOOK NUMBER
Terms of availability 75.00
International Standard Book Number 8123014589
035 ## - SYSTEM CONTROL NUMBER
System control number EN-78412
037 ## - SOURCE OF ACQUISITION
Source of stock number/acquisition DBAD / VEN
040 ## - CATALOGING SOURCE
Original cataloging agency dpl
Language of cataloging English
082 ## - DEWEY DECIMAL CLASSIFICATION NUMBER
Classification number 080
245 ## - TITLE STATEMENT
Title The charkha and the rose
260 ## - PUBLICATION, DISTRIBUTION, ETC. (IMPRINT)
Place of publication, distribution, etc New Delhi
Name of publisher, distributor, etc Publication Division
Date of publication, distribution, etc 2007
270 ## - ADDRESS
Address M/o Information and Broadcasting, Government of India, Soochna Bhawan, CGO Complex, Lodhi Road,
City New Delhi
Postal code 110003
300 ## - PHYSICAL DESCRIPTION
Extent viii, 147p.:
Dimensions 22cm(Hb)
Other physical details b&w photos
942 ## - ADDED ENTRY ELEMENTS (KOHA)
Source of classification or shelving scheme Dewey Decimal Classification
Item type English Books
Call number suffix CHA
Classification part 080
Holdings
Withdrawn status Lost status Source of classification or shelving scheme Damaged status Not for loan Collection code Home library Current library Date acquired Source of acquisition Cost, normal purchase price Total Checkouts Full call number Barcode Date last seen Copy number Cost, replacement price Koha item type Total Renewals
    Dewey Decimal Classification   Not For Loan Non-fiction D.B.Act.Division D.B.Act.Division 25/08/2009 DBAD / VEN 75.00   080 CHA EN-78412 25/08/2009 1 75.00 English Books  
    Dewey Decimal Classification     Non-fiction Sarojini Nagar Sarojini Nagar 21/05/2019     1 080 CHA B-307214 24/09/2022     English Books 1

© Delhi Public Library
Hit Counter
free hit counter